Indo China relation 1962 war / (Record no. 103187)

MARC details
000 -LEADER
fixed length control field 00649nam a22001937a 4500
005 - DATE AND TIME OF LATEST TRANSACTION
control field 20160909114332.0
010 ## - LCCN (DPL NO)
LC control number ENG-115979
020 ## - INTERNATIONAL STANDARD BOOK NUMBER
International Standard Book Number 9789380318462
Terms of availability 1125.00
035 ## - SYSTEM CONTROL NUMBER
System control number EN-99511
037 ## - SOURCE OF ACQUISITION
Source of stock number/acquisition DBAD/PUB
082 ## - DEWEY DECIMAL CLASSIFICATION NUMBER
Classification number 355.03109540951
100 ## - MAIN ENTRY--PERSONAL NAME
Dates associated with a name Krishna Kumar Singh
245 ## - TITLE STATEMENT
Title Indo China relation 1962 war /
Statement of responsibility, etc by K.K.Singh
246 ## - VARYING FORM OF TITLE
Title proper/short title Indo China relation 1962 war /Krishna Kumar Singh
260 ## - PUBLICATION, DISTRIBUTION, ETC. (IMPRINT)
Place of publication, distribution, etc New Delhi
Name of publisher, distributor, etc Neha Publishers & Distributors
Date of publication, distribution, etc 2013
270 ## - ADDRESS
Address 4832/24 Prahlad lane,S-207,Ansari Road,Daryaganj
City New Delhi
Postal code 110002
300 ## - PHYSICAL DESCRIPTION
Extent vi,330p.
Dimensions 23cm (Hb)
942 ## - ADDED ENTRY ELEMENTS (KOHA)
Source of classification or shelving scheme Dewey Decimal Classification
Item type English Books
Classification part 355.03109540951
Call number suffix KRI
Holdings
Withdrawn status Lost status Not for loan Collection code Home library Current library Date acquired Source of acquisition Cost, normal purchase price Full call number Barcode Copy number Cost, replacement price Koha item type
    Not For Loan Non-fiction D.B.Act.Division Bawana 08/09/2016 DBAD/PUB 1125.00 355.0310954951 KRI EN-99511 1 1125.00 English Books

© Delhi Public Library
Hit Counter
free hit counter